LIBRARY & INFORMATION CENTRE, KCAET, TAVANUR

ONLINE PUBLIC ACCESS CATALOGUE (OPAC)

Careers encyclopaedia / (Record no. 8043)

MARC details
000 -LEADER
fixed length control field 00431cam a2200181ua 4500
041 ## - LANGUAGE CODE
Language code of text/sound track or separate title eng
082 ## - DEWEY DECIMAL CLASSIFICATION NUMBER
Classification number 030.37
Item number CHA/CA
100 ## - MAIN ENTRY--AUTHOR NAME
Personal name Chaffe, G H .
245 ## - TITLE STATEMENT
Title Careers encyclopaedia /
250 ## - EDITION STATEMENT
Edition statement 3 /
260 ## - PUBLICATION, DISTRIBUTION, ETC. (IMPRINT)
Place of publication London :
Name of publisher Macmillan&cleaver ltd ,
Year of publication 1963.
300 ## - PHYSICAL DESCRIPTION
Number of Pages 566 ; .
942 ## - ADDED ENTRY ELEMENTS (KOHA)
Koha item type Books
Holdings
Withdrawn status Lost status Damaged status Home library Current library Date acquired Full call number Accession Number Koha item type
      KAUAET   07/04/2012 030.37 498 Books
free website counter